000 00196nam a2200097Ia 4500
008 240331s9999 xx 000 0 und d
082 _bVEL
100 _aRengarajah. ed
245 0 _aVeli
942 _cL
999 _c3726
_d3726